| 000 | 00719cam a22002653a 4500 | ||
|---|---|---|---|
| 001 | 32131 | ||
| 003 | PGUSA | ||
| 005 | 20140828083709.0 | ||
| 008 | 100425s2010||||xxu|||||s|||||000 1 eng d | ||
| 040 |
_aPGUSA _beng |
||
| 042 | _adc | ||
| 050 | 4 | _aPS | |
| 100 | 1 |
_aClifton, Mark, _d1906-1963 |
|
| 245 | 1 | 4 |
_aThe Kenzie Report _h[electronic resource] / _cMark Clifton |
| 260 |
_bProject Gutenberg, _c2010 |
||
| 506 | _aPublic domain in the USA. | ||
| 516 | _aElectronic text | ||
| 653 | _aAnts -- Fiction | ||
| 653 | _aShort stories | ||
| 653 | _aScience fiction | ||
| 700 | 1 |
_aFreas, Kelly, _d1922-2005 |
|
| 830 | 0 |
_aProject Gutenberg _v32131 |
|
| 856 | 4 | 0 | _uhttp://www.gutenberg.org/ebooks/32131 |
| 942 | _cEB | ||
| 999 |
_c261386 _d261386 |
||